Statistics for 2024 NFL Draft 1st Round

Click here to take the quiz!

General Stats

  • This quiz has been taken 607 times
  • The average score is 24 of 32

Answer Stats

PickPlayerTeamPositionCollege% Correct
1Caleb WilliamsChicago BearsQBUSC
99%
3Drake MayeNew England PatriotsQBNorth Carolina
99%
2Jayden DanielsWashington CommandersQBLSU
98%
4Marvin Harrison Jr.Arizona CardinalsWROhio State
98%
5Joe AltLos Angeles ChargersOTNotre Dame
96%
8Michael Penix Jr.Atlanta FalconsQBWashington
96%
12Bo NixDenver BroncosQBOregon
95%
10J.J. McCarthyMinnesota VikingsQBMichigan
95%
6Malik NabersNew York GiantsWRLSU
95%
13Brock BowersLas Vegas RaidersTEGeorgia
93%
9Rome OdunzeChicago BearsWRWashington
93%
28Xavier WorthyKansas City ChiefsWRTexas
86%
17Dallas TurnerMinnesota VikingsEDAlabama
76%
15Laiatu LatuIndianapolis ColtsEDUCLA
74%
7JC LathamTennessee TitansOTAlabama
72%
21Chop RobinsonMiami DolphinsEDPenn State
67%
22Quinyon MitchellPhiladelphia EaglesCBToledo
67%
24Terrion ArnoldDetroit LionsCBAlabama
67%
32Xavier LegetteCarolina PanthersWRSouth Carolina
67%
23Brian Thomas Jr.Jacksonville JaguarsWRLSU
66%
16Byron Murphy IISeattle SeahawksDTTexas
66%
19Jared VerseLos Angeles RamsEDFlorida State
66%
27Darius RobinsonArizona CardinalsEDMissouri
64%
11Olu FashanuNew York JetsOTPenn State
64%
31Ricky PearsallSan Francisco 49ersWRFlorida
64%
30Nate WigginsBaltimore RavensCBClemson
63%
18Amarius MimsCincinnati BengalsOTGeorgia
54%
14Taliese FuagaNew Orleans SaintsOTOregon State
50%
20Troy FautanuPittsburgh SteelersOTWashington
47%
25Jordan MorganGreen Bay PackersOTArizona
45%
29Tyler GuytonDallas CowboysOTOklahoma
45%
26Graham BartonTampa Bay BuccaneersCDuke
42%

Score Distribution

Percentile by Number Answered

Percent of People with Each Score

Your Score History

You have not taken this quiz